000 00474nam a2200181Ia 4500
005 20250508154835.0
008 008 250505s9999 xx 000 0 hin d
037 _aTextual
040 _aFEDL
_beng
_cFEDL
041 _ahin
_2eng
084 _aFH, RAZ
_qFEDL
100 _aRahi Masoom Raza
245 0 _aAadha ganwa
260 _aDelhi, India
_bAkshar Prakashan Pvt. Ltd.
_c1966
300 _a433p.
942 _cTEXL
_hFH, RAZ
999 _c1352424
_d1352424